000 00736nam a2200229Ia 4500
003 OSt
005 20221005133813.0
006 a|||||r|||| 00| 0
007 ta
008 221004b |||||||| |||| 00| 0 pan d
024 _a6284
037 _cTextual
040 _aCRL
_cCRL
_bpan
041 _2pan
_apan
082 _aO153,1M22:g, M5
100 _aFੇਰਗਿਲ, ਸੁਰਿੰਦਰ ਸਿੰਘ
_9642610
245 0 _aਪੰਡਤ ਤਾਰਾ ਸਿੰਘ ਨਰੋਤਮ
_b ਜੀਵਨ ਤੇ ਰਚਨਾ
260 _c1985
650 _aਪੰਜਾਬੀ ਸਾਹਿਤ
942 _hO153,1M22:g, M5
_cTEXL
_2cc
999 _c1067928
_d1067928